Nenápadná svetová revolúcia
Súčasné obdobie ako obdobie energetickej revolúcie. Zmena zaužívaných pravidiel, preferencií spotrebiteľov, závislosti medzi nimi a dodávateľmi, ako aj medzi krajinami. Štrukrurálne zmeny v energetike. Medziročný pokles spotreby elektriny. Masívna ťažba brydlicového plynu v USA. Budúci vývoj v energ...
Salvato in:
| Autore principale: | |
|---|---|
| Natura: | Capitolo di libro |
| Lingua: | slovacco |
| Soggetti: | |
| Tags: |
Nessun Tag, puoi essere il primo ad aggiungerne!!
|
MARC
| LEADER | 00000naa a2200000 4500 | ||
|---|---|---|---|
| 001 | 0181611 | ||
| 005 | 20231013090932.2 | ||
| 041 | 0 | |a slo | |
| 044 | |a SK | ||
| 245 | 1 | 0 | |a Nenápadná svetová revolúcia |c Marek Senkovič |
| 520 | |a Súčasné obdobie ako obdobie energetickej revolúcie. Zmena zaužívaných pravidiel, preferencií spotrebiteľov, závislosti medzi nimi a dodávateľmi, ako aj medzi krajinami. Štrukrurálne zmeny v energetike. Medziročný pokles spotreby elektriny. Masívna ťažba brydlicového plynu v USA. Budúci vývoj v energetike. | ||
| 610 | 2 | 0 | |a energetika |
| 610 | 2 | 0 | |a zdroje energetické |
| 610 | 2 | 0 | |a plyn |
| 610 | 2 | 0 | |a ropa |
| 610 | 2 | 0 | |a vývoj |
| 610 | 2 | 0 | |a svet |
| 100 | 1 | |a Senkovič, Marek | |